Statistiques concernant Canadiens célèbres - Quiz d'images

Cliquez ici pour prendre le quiz!

Statistiques générales

  • Ce quiz a été pris 85 fois
  • Le résultat moyen est 5 sur 15

Statistiques - réponses

Réponse% Correct
Justin Trudeau
87%
Avril Lavigne
72%
Ryan Gosling
70%
Leonard Cohen
36%
Jacques Villeneuve
34%
Bryan Adams
33%
William Shatner
29%
Sandra Oh
25%
Rachel McAdams
18%
Michael Cera
16%
Joni Mitchell
13%
Alex Trebek
9%
Tom Green
8%
Will Arnett
5%
David Foster
3%

Distribution des résultats

Percentile par nombre de réponses

% des personnes avec chaque résultat

Votre développement - résultats

Vous n’avez pas pris ce quiz